بہا ر بنگا ل،اڈ يسہ کے قلم کا ر (Record no. 176766)

MARC details
000 -LEADER
fixed length control field 00702nam a22001937a 4500
005 - DATE AND TIME OF LATEST TRANSACTION
control field 20210128114005.0
010 ## - LCCN (DPL NO)
LC control number UR-11011
020 ## - INTERNATIONAL STANDARD BOOK NUMBER
Terms of availability 200.00
International Standard Book Number 9789390533190
035 ## - SYSTEM CONTROL NUMBER
System control number U-9566
037 ## - SOURCE OF ACQUISITION
Source of stock number/acquisition DBAD/PUB
082 ## - DEWEY DECIMAL CLASSIFICATION NUMBER
Classification number 844
100 ## - MAIN ENTRY--PERSONAL NAME
Personal name ا حسن ا ما م ا حسن
245 ## - TITLE STATEMENT
Title بہا ر بنگا ل،اڈ يسہ کے قلم کا ر
Statement of responsibility, etc ا حسن ا ما م ا حسن
246 ## - VARYING FORM OF TITLE
Remainder of title Bihar Bangal,Orissa Ke Qalamkar(Urdu)
Title proper/short title by Ahsan Imam Ahsan
260 ## - PUBLICATION, DISTRIBUTION, ETC. (IMPRINT)
Place of publication, distribution, etc N.Delhi
Name of publisher, distributor, etc Educational Publishing House D1/16,Ansari Road, Darya Ganj,
Date of publication, distribution, etc 2020 ء
270 ## - ADDRESS
Address D1/16,Ansari Road, Darya Ganj,
City N.Delhi
Postal code 110002
Fax number -
300 ## - PHYSICAL DESCRIPTION
Extent 192 ص
Dimensions 22 Cm(Hb)
942 ## - ADDED ENTRY ELEMENTS (KOHA)
Source of classification or shelving scheme Dewey Decimal Classification
Item type Urdu Bks
Classification part 844
Call number suffix ا ح س
Holdings
Withdrawn status Lost status Not for loan Collection code Home library Current library Date acquired Source of acquisition Cost, normal purchase price Full call number Barcode Copy number Cost, replacement price Koha item type
      Non-fiction D.B.Act.Division D.B.Act.Division 25/01/2021 DBAD/PUB 200.00 844 ا ح س U-9566 1 200.00 Urdu Bks

© Delhi Public Library
Hit Counter
free hit counter